000 00506 a2200181 4500
005 20260319151258.0
008 260319b |||||||| |||| 00| 0 eng d
020 _a9781394257263
040 _cSDCL
041 _2eng
_aeng
084 _aX64.1'P R5
100 _aSekerke, Matt
_91132576
245 _aMaking Money Work :
_bHow to Rewrite the Rules of Our Financial System
260 _aHoboken :
_bWiley,
_c2025.
300 _axxi, 343p.
700 _aHanke, Steve H.
_91132577
942 _cTEXL
_2CC
999 _c1715051
_d1715051